00878cam a22002654a 450000100090000000300040000900500170001300800410003001000170007102000150008802000150010304000180011804200080013605000240014408200140016810000250018224500570020726000420026430000360030644000430034250000200038565000450040585600870045085600750053712834493OSt20150408113939.0020627s2003 maua 001 0 eng  a 2002026444 a0072397020 a0071121943 aDLCcDLCdDLC apcc00aHD30.37b.F673 200300a004.62211 aForouzan, Behrouz A.10aBusiness data communications /cBehrouz A. Forouzan. aBoston, Mass. :bMcGraw-Hill,cc2003. axxiii, 407 p. :bill. ;c24 cm. 0aMcGraw-Hill Forouzan networking series aIncludes index. 0aBusiness enterprisesxComputer networks.423Publisher descriptionuhttp://www.loc.gov/catdir/description/mh024/2002026444.html413Table of contentsuhttp://www.loc.gov/catdir/toc/mh023/2002026444.html